000 00816nam a2200193 a 4500
008 120416s1980 ||||||||||||||||| || u
050 _aHF 5691 Bow
100 _aBowen, Earl K
245 1 0 _aMathematics: with applications in management and economics. (5th ed.)
250 _a5th ed.
260 _aHomewood, Ill.:
_bIrwin
_c1980
300 _axxiii, 962p.
350 _a0.00
650 0 _aBUSINESS MATHEMATICS
650 0 _aMATHEMATICS--HANDBOOKS, MANUALS, ETC
650 0 _aECONOMICS, MATHEMATICAL
995 _aBINDERY (DAMAGED)
_D0.00
_e702708
_FCBU-MAIN LIBRARY (Kitwe)
_H2
_I0.00
_jHF 5691 Bow
_M1
_UDAMAGED
_y017931
_ZMain Library Open Access Collection
995 _aMAIN LIBRARY OPEN ACCESS
_D0.00
_e704470
_FCBU-MAIN LIBRARY (Kitwe)
_H1
_I0.00
_jHF 5691 Bow
_M2
_UAVAILABLE
_y017930
_ZMain Library Open Access Collection
999 _c82765
_d82765